[Event "Vienna State-chC"]
[Site "Vienna"]
[Date "2011.09.15"]
[Round "6"]
[White "Ternes, Lars"]
[Black "Busuioc, Alexandra"]
[Result "0-1"]
[WhiteElo "1505"]
[BlackElo "1366"]
[PlyCount "84"]
[EventDate "2011.09.10"]
[EventType "swiss"]
[EventRounds "9"]
[EventCountry "AUT"]
[SourceTitle "EXT 2013"]
[Source "ChessBase"]
[SourceDate "2012.11.22"]
[SourceVersion "1"]
[SourceVersionDate "2012.11.22"]
[SourceQuality "1"]

1. e4 e5 2. Nf3 Nc6 3. d4 exd4 4. Bc4 Bc5 5. c3 dxc3 6. Bxf7+ Kxf7 7. Qd5+ Ke8 8. Qh5+ g6 9. Qxc5 Qe7 10. Qxe7+ Ngxe7 11. bxc3 d6 12. 0-0 Bg4 13. Nbd2 Kd7 14. h3 Be6 15. Nb3 Rae8 16. Nbd4 Bf7 17. Re1 Ng8 18. Nxc6 Kxc6 19. e5 h6 20. a4 Bd5 21. Nd4+ Kd7 22. Bf4 dxe5 23. Bxe5 Rh7 24. Re3 Rhe7 25. Rae1 c5 26. Nb5 Kc6 27. Nc7 Rxc7 28. Bxc7 Rxe3 29. Rxe3 Kxc7 30. g3 Kb6 31. h4 Bb3 32. f4 Ka5 33. Re5 b6 34. Kf2 Kxa4 35. Ke3 Kb5 36. g4 a5 37. g5 a4 38. Re8 a3 39. Ra8 a2 40. Ra7 Ba4 41. gxh6 Nxh6 42. c4+ Kb4 0-1

[Event "Vienna State-chC"]
[Site "Vienna"]
[Date "2011.09.11"]
[Round "2"]
[White "Ternes, Lars"]
[Black "Huebl, Christian"]
[Result "1-0"]
[WhiteElo "1505"]
[BlackElo "1277"]
[PlyCount "109"]
[EventDate "2011.09.10"]
[EventType "swiss"]
[EventRounds "9"]
[EventCountry "AUT"]
[SourceTitle "EXT 2013"]
[Source "ChessBase"]
[SourceDate "2012.11.22"]
[SourceVersion "1"]
[SourceVersionDate "2012.11.22"]
[SourceQuality "1"]

1. e4 e5 2. Nf3 Nc6 3. d4 exd4 4. Bc4 h6 5. c3 Bc5 6. 0-0 d6 7. cxd4 Bb6 8. Nc3 Nge7 9. a3 Bg4 10. h3 Bxf3 11. Qxf3 0-0 12. d5 Ne5 13. Qe2 a6 14. Ba2 N7g6 15. Nd1 Qf6 16. Be3 Nh4 17. Bxb6 cxb6 18. f3 Qg6 19. Ne3 b5 20. Ng4 Nd7 21. Rac1 h5 22. Ne3 Rfe8 23. Bb1 Qg3 24. Qf2 Qxf2+ 25. Rxf2 Rac8 26. Rfc2 Nc5 27. Kh2 Rcd8 28. Rc3 Na4 29. R3c2 Nc5 30. Rd1 Ng6 31. Nf5 b6 32. Ba2 Ne5 33. b4 Nb7 34. Nd4 Rc8 35. Nc6 Kh7 36. Bb3 a5 37. Nxe5 Rxc2 38. Bxc2 Rxe5 39. Bd3 f5 40. Rc1 Nd8 41. Rc8 fxe4 42. Bxe4+ Rxe4 43. fxe4 Nf7 44. Rb8 Ne5 45. Rxb6 Nc4 46. Rxb5 Kg6 47. bxa5 Nxa3 48. Rb7 Nc4 49. a6 Na5 50. Rd7 Kf6 51. a7 Nc4 52. a8Q Nb6 53. Qf8+ Ke5 54. Qxd6+ Kxe4 55. Qxb6 1-0